| 000 | 00684nam a2200193 i 4500 | ||
|---|---|---|---|
| 001 | 60493 | ||
| 003 | ES-MaACL | ||
| 005 | 20230906164237.0 | ||
| 007 | t| | ||
| 008 | 031105s1903 sp ||||1| spa d | ||
| 100 | 1 |
_aEspina y Capo, Antonio, _d1850-1930 _947840 |
|
| 245 | 1 | 0 |
_aExploración radiográfica del tórax como medio de diagnóstico médico y quirúrgico / _cAntonio Espina y Capo. |
| 260 |
_aMadrid : _b[s.n.], _c1903 ( _fImpr. y Libr. de Nicolás Moya) |
||
| 300 |
_a74 p. : _bil. ; _c28 cm. |
||
| 594 | _aPrecede al tít.: Tesis del Doctorado. | ||
| 650 | 4 |
_aTórax- _xDiagnóstico por imagen. _9157457 |
|
| 852 |
_aES-MaACL _jT-1053-F-12 |
||
| 999 |
_c60493 _d60493 |
||